Представление документа в формате RUSMARC

ПолеНазваниеЗначение
  Тип записи a
  Библиографический уровень m
001 Контрольный номер RU/IS/BASE/294421030
005 Дата корректировки 20201206204635.4
010 Индекс ISBN __
a ISBN 5-86793-497-7
d Цена 201-66
101 Язык документа __
a Язык текста rus
c Язык оригинала rus
200 Заглавие и сведения об ответственности 1_
a Заглавие Постфактум
e Сведения, относящиеся к заглавию кн. о стихах
f Первые сведения об ответственности Владислав Кулаков
b Общее обозначение материала Текст
210 Выходные данные __
a Место издания М.
c Издательство Новое лит. обозрение
d Дата издания 2007
215 Физическое описание __
a Объем 232 с.
330 Аннотация __
a Аннотация Автор предлагает читателю собственную трактовку творчества известных поэтов. К чему и с чем пришел русский стих к началу XXI века? Каковы результаты той работы с поэтическим словом, которую вела и ведет новейшая русская литература?
517 Другие варианты заглавия __
a Другие варианты заглавия Книга о стихах
600 Персоналии __
a Персоналии (Фамилия) Некрасов, В. И.
c Дополнение к имени поэт
600 Персоналии __
a Персоналии (Фамилия) Кривулин, В.
c Дополнение к имени поэт
600 Персоналии __
a Персоналии (Фамилия) Азенберг, М.
c Дополнение к имени поэт
600 Персоналии __
a Персоналии (Фамилия) Сабуров, Е.
c Дополнение к имени поэт
600 Персоналии __
a Персоналии (Фамилия) Иоффе, Л.
c Дополнение к имени поэт
600 Персоналии __
a Персоналии (Фамилия) Лосев, Л. В.
c Дополнение к имени поэт
606 Тематические рубрики __
a Основная рубрика Литературоведение
606 Тематические рубрики __
a Основная рубрика Русская литература XX в.
610 Ключевые слова __
a Ключевые слова поэзия; поэтическое творчество; литературная критика; поэты; персоналии
686 Индексы других классификаций __
a Классификационный индекс 83.3(2Рос=Рус)6
700 Автор _1
a Фамилия Кулаков
b Имя В.
4 Код отношения 070
801 Источник записи _0
a Страна RU
b Организация Муниципальное бюджетное учреждение культуры "Централизованная библиотечная система" г. Сургут (Центральная городская библиотека им. А. С. Пушкина)
g Правила каталогизации КиК/Елгина
801 Источник записи _1
a Страна RU
b Организация Муниципальное бюджетное учреждение культуры "Централизованная библиотечная система" г. Сургут (Центральная городская библиотека им. А. С. Пушкина)
g Правила каталогизации КиК/Елгина
852 Данные о местонахождении __
j Шифр хранения 83.3(2Рос=Рус)6
c Каталожный индекс 83.3(2Рос=Рус)6
i Авторский знак К 90
901 Тип документа __
t Тип документа m
903 Характеристики (МАРС) __
a Дата передачи 20090504
990 Данные о заказе (DOS) __
j Количество экземпляров (DOS) 7
t N записи в КСУ для И/У (DOS) 200905